Películas animadas en emojis (Parte 1) - Estadísticas

Estadísticas generales
  • Esta prueba ha sido intentada 1.867 veces
  • La puntuación promedio es 13 de 32
Estadísticas de respuestas
Imagen Respuesta % Correcto
Up
99%
La dama y el vagabundo
84%
Frozen
81%
Shrek
77%
Los Increíbles
75%
Mulan
73%
Kung Fu Panda
72%
Alicia en el país de las maravillas
65%
Moana / Vaiana
63%
Spirit
62%
Del Revés / Intensa-Mente
56%
La novia cadáver / El cadáver de la novia
54%
Luca
52%
Bee Movie
46%
Lilo y Stitch
44%
Monsters Inc / Monstruos S.A.
44%
Pocahontas
44%
Happy Feet
37%
La edad de hielo / La era del hielo
37%
Anastasia
30%
Locos por el Surf / Reyes de las olas
24%
Vecinos invasores
23%
El planeta del tesoro
22%
Monster House
15%
Fantasia
13%
Akira
12%
El gigante de hierro
10%
Persepolis
6%
La princesa Mononoke
4%
Wallace y Gromit
3%
Kubo y las dos cuerdas mágicas / Kubo y la búsqueda samurái
1%
Las trillizas de Belleville
1%
No se encontraron pruebas coincidentes
Distribución de puntuación
Porcentaje de gente con cada puntuación
Porcentaje por número respondido
Historial de tus puntuaciones
No has intentado esta prueba.